Normal view
MARC view
- The Royal Bombay Sappers & Miners 1939-1947
Entry Personal Name
001 - CONTROL NUMBER
- control field: 47132
003 - CONTROL NUMBER IDENTIFIER
- control field: NUST
005 - DATE AND TIME OF LATEST TRANSACTION
- control field: 20210314133726.0
008 - FIXED-LENGTH DATA ELEMENTS
- fixed length control field: 210314|| aca||aabn | a|a d
040 ## - CATALOGING SOURCE
- Original cataloging agency: NUST
- Transcribing agency: NUST
100 ## - HEADING--PERSONAL NAME
- Personal name: The Royal Bombay Sappers & Miners 1939-1947
670 ## - SOURCE DATA FOUND
- Source citation: Work cat.: (NUST): The Royal Bombay Sappers & Miners 1939-1947, The royal bombay sappers & miners 1939-1947, 1999
